000 00503nam a22001457a 4500
005 20240424103807.0
008 240424b |||||||| |||| 00| 0 eng d
082 _a297.63
_bSAL-R
100 _aShaykh Qazi Muhammad Sulaiman Salman Mansoor puri
245 _aRahmatul-lil-Aalameen (P.B.U.H) :
_bSeerat e Nabbi (P.B.U.H) /
_cShaykh Qazi Muhammad Sulaiman Salman Mansoor puri.
260 _aPakistan :
_bMuktabah Rehmaniya;
300 _a312 p. :
_c24.5 cm .
650 _aLiterature / Islamic
999 _c35589
_d35589